=LDR 00000nam 2200000 4500 =001 INLIS000000000029606 =005 20210223071852 =035 ##$$a 0010-061300000029606 =008 210223################g##########0#ind## =041 ##$$a Ind =082 ##$$a 336.959 8 =090 ##$$a 336.959 8, Poh p =100 ##$$a Pohan, Aulia =245 1#$$a Potret kebijakan moneter Indonesia : $b Seberapa jauh kebijakan moneter mewarnai perekonomian Indonesia /$c Aulia Pohan =260 ##$$a Jakarta :$b Raja Grafindo Persada,$c 2008 =300 ##$$a xxi, 314 hlm ; $c 23 x 16 cm =650 #4$$a keuangan Indonesia =850 ##$$a NBPNMAT =084 ##$$a 336.959 8 POH p =990 ##$$a 20801258 =990 ##$$a 20801255 =990 ##$$a 20801257